| 000 | 01570nam0a22003251 4500 | ||
|---|---|---|---|
| 001 | rc\3386769 | ||
| 005 | 20210728132609.0 | ||
| 021 |
_aRU _b[71-90359] |
||
| 035 | _a(NLR Aleph) 007536846 | ||
| 090 |
_a7772144 _c7772144 |
||
| 100 | _a20130115d1971 |||y0rusy50 ca | ||
| 101 | 0 | _arus | |
| 102 | _aRU | ||
| 105 | _aa z ||||| | ||
| 200 | 1 |
_aАллювиальные и озерно-аллювиальные кайнозойские отложения Среднего Приобья _fОтв. ред. д-р геол.-минерал. наук В.А. Николаев _gАН СССР. Сиб. отд-ние. Ин-т геологии и геофизики |
|
| 210 |
_aНовосибирск _cНаука. Сиб. отд-ние _d1971 |
||
| 215 |
_a212 с., 1 л. схем. _cил. _d25 |
||
| 300 | _aПеред загл. авт.: Б.В. Мизеров, С.И. Черноусов, С.П. Абрамов и др. | ||
| 320 | _aСписок лит.: с. 201-212 | ||
| 606 |
_aАллювиальные отложения _zКайнозой _yЗападно-Сибирская низменность _2psbo |
||
| 701 | 1 |
_aМизеров _bБ. В. |
|
| 701 | 1 |
_aЧерноусов _bС. И. |
|
| 701 | 1 |
_aАбрамов _bС. П. _cд-р геол.-минерал. наук, инженер _f1929- _gСтанислав Петрович _3RU\NLR\AUTH\770232667 |
|
| 702 | 1 |
_aНиколаев _bВ. А. _gВиктор Арсеньевич _4340 |
|
| 801 | 0 |
_aRU _bNLR _gpsbo |
|
| 801 | 1 |
_aRU _bELAR _2rusmarc |
|
| 852 |
_aNLR _j72-7/113 |
||
| 942 | _cBOOK | ||
| 980 | _aNB | ||